Reto a los no alineados / (Record no. 52045)

MARC details
000 -CABECERA
campo de control de longitud fija 00521nam a2200181 a 4500
005 - FECHA Y HORA DE LA ÚLTIMA TRANSACCIÓN
campo de control 20240919063918.0
008 - ELEMENTOS DE LONGITUD FIJA--INFORMACIÓN GENERAL
campo de control de longitud fija 991125s1983 mx 000 0 spa u
020 ## - NÚMERO INTERNACIONAL NORMALIZADO PARA LIBROS
Número Internacional Estándar del Libro 9684293658
035 ## - NÚMERO DE CONTROL DEL SISTEMA
Número de control de sistema UPN01000052045
049 ## - COLECCIÓN
Colección CG
050 #4 - SIGNATURA TOPOGRÁFICA DE LA BIBLIOTECA DEL CONGRESO
Número de clasificación HC163
Número de documento/Ítem R48
245 00 - MENCIÓN DE TÍTULO
Título Reto a los no alineados /
Mención de responsabilidad, etc. Luis Echeverría ... [et al.].
260 ## - PUBLICACIÓN, DISTRIBUCIÓN, ETC.
Lugar de publicación, distribución, etc. México :
Nombre del editor, distribuidor, etc. CEESTEM :
-- Nueva Imagen,
Fecha de publicación, distribución, etc. 1983.
300 ## - DESCRIPCIÓN FÍSICA
Extensión 316 p.
651 #4 - ASIENTO SECUNDARIO DE MATERIA - NOMBRE GEOGRAFICO
Nombre geográfico Países en desarrollo
9 (RLIN) 6572
700 1# - ASIENTO SECUNDARIO--NOMBRE DE PERSONAL
Nombre de persona Echeverría Alvarez, Luis,
Fechas asociadas al nombre 1922-
Término indicativo de función/relación coaut.
905 ## - TIPO DE MATERIAL
Tipo de material Libro
Holdings
Estado de retiro Estado de pérdida Fuente del sistema de clasificación o colocación Estado dañado No para préstamo Código de colección Localización permanente Ubicación/localización actual Ubicación en estantería Fecha de adquisición Total de préstamos Clasificación Código de barras Fecha visto por última vez Número de copia Tipo de ítem Koha
    Library of Congress Classification     Colección General Bib. Gregorio Torres Quintero Bib. Gregorio Torres Quintero Planta baja 20/08/2024 4 HC163 R48 69760 31/12/2020 1 Libro